000 00894cab a2200289 4500
001 ABS58818
008 090401t1998 xxu||||| |||| 00| 0 eng d
035 _a(Sirsi) u87254
041 _aeng
100 _aThomas, C.
245 2 _aA sound reason for insulation
260 _c1998
350 _a0
490 _aBuilding Control
_v(94) July 1998, 6-7(2)
520 _aDiscusses the use of thermal insulation which can sometimes be used to reduce noise insulation. Considers its use in both conversions and new builds.
650 _aACOUSTIC INSULATION
650 _aAIRBORNE SOUND
650 _aBUILDING REGULATIONS PART E
650 _aBUILDING REGULATIONS PART L
650 _aNOISE INSULATION
650 _aROCK WOOL INSULATION
650 _aSTRUCTURE-BORNE SOUND
650 _aTHERMAL INSULATION
690 _aBUILT ENVIRONMENT
942 _n0
948 _c07/07/1998
999 _c55024
_d55024